000 00357nam a2200133Ia 4500
008 230917s9999||||xx |||||||||||||| ||und||
040 _e112894
_aMAIN
041 _aEnglish
082 _a670.42 K 864 E
100 _aKrar, Stephen F.
245 0 _aExploring advanced manufacturing technologies
260 _aNew York
_bIndustrial Press
_c2003
942 _cBK
999 _c140884
_d140884